| 000 -LEADER |
| fixed length control field |
00823nam a2200277 a 4500 |
| 001 - CONTROL NUMBER |
| control field |
15592 |
| 003 - CONTROL NUMBER IDENTIFIER |
| control field |
BD-DhUAP |
| 005 - DATE AND TIME OF LATEST TRANSACTION |
| control field |
20200203163234.0 |
| 008 - FIXED-LENGTH DATA ELEMENTS--GENERAL INFORMATION |
| fixed length control field |
101205s1994 enk b 001 0 eng d |
| 010 ## - LIBRARY OF CONGRESS CONTROL NUMBER |
| LC control number |
94195560 |
| 020 ## - INTERNATIONAL STANDARD BOOK NUMBER |
| International Standard Book Number |
0195688104 |
| 022 ## - INTERNATIONAL STANDARD SERIAL NUMBER |
| Source |
9780195688108 |
| 040 ## - CATALOGING SOURCE |
| Original cataloging agency |
UkCoU |
| Transcribing agency |
UkCoU |
| Modifying agency |
LNL-L |
| -- |
NBL |
| -- |
DLC |
| -- |
BD-DhUAP |
| Language of cataloging |
Eng |
| 082 00 - DEWEY DECIMAL CLASSIFICATION NUMBER |
| Classification number |
341 STA |
| Edition number |
23 |
| 100 1# - MAIN ENTRY--PERSONAL NAME |
| Personal name |
Starke, J. G. |
| 245 10 - TITLE STATEMENT |
| Title |
Starke's international law / |
| Statement of responsibility, etc. |
J. G. Starke and I. A. Shearer. |
| 250 ## - EDITION STATEMENT |
| Edition statement |
11th ed. |
| 260 ## - PUBLICATION, DISTRIBUTION, ETC. |
| Place of publication, distribution, etc. |
New Delhi : |
| Name of publisher, distributor, etc. |
Oxford University press, |
| Date of publication, distribution, etc. |
c1994. |
| 300 ## - PHYSICAL DESCRIPTION |
| Extent |
xxx, 629 pages ; |
| Dimensions |
24 cm. |
| 504 ## - BIBLIOGRAPHY, ETC. NOTE |
| Bibliography, etc. note |
Includes bibliographical references (p. [599]-601) and index. |
| 650 #0 - SUBJECT ADDED ENTRY--TOPICAL TERM |
| Topical term or geographic name entry element |
International law. |
| 700 1# - ADDED ENTRY--PERSONAL NAME |
| Personal name |
Shearer, I. A. |
| 942 00 - ADDED ENTRY ELEMENTS (KOHA) |
| Source of classification or shelving scheme |
|
| Koha item type |
Book |